Dīwān ṭirāz al-bulaghāʾ wa-khātimat al-fuṣaḥāʾ Shihāb al-Dīn al-Mūsawī, al-maʻrūf bi-Ibn Maʻtūq /
Main Author:
Other Authors:
Format: Book
Language: Arabic
Published:
Bayrūt :
al-Maṭbaʻah al-Adabīyah,
1885.
Subjects:
Tags: Add Tag
Call Number: ( RA )PJ7836 .M44 A17 1885
| LEADER | 01641namaa2200277 4500 | ||
|---|---|---|---|
| 001 | 18567 | ||
| 003 | OSt | ||
| 005 | 20240612073230.0 | ||
| 008 | 130303s1885 le 000 0 ara d | ||
| 952 | |0 0 |1 0 |2 lcc |4 0 |7 1 |9 10497 |a ARCE |b ARCE |d 2021-02-20 |l 0 |o ( RA )PJ7836 .M44 A17 1885 |p 1029085 |r 2021-02-20 00:00:00 |w 2021-02-20 |y BK | ||
| 999 | |c 19017 |d 19017 | ||
| 040 | |c ARCE Library | ||
| 050 | 4 | |a ( RA )PJ7836 .M44 A17 1885 | |
| 100 | 1 | |6 880-01 |a Ibn Maʻtūq, Shihāb al-Dīn, |d 1616 or 1617-1676 or 1677, |e author | |
| 245 | 1 | 0 | |6 880-02 |a Dīwān ṭirāz al-bulaghāʾ wa-khātimat al-fuṣaḥāʾ Shihāb al-Dīn al-Mūsawī, al-maʻrūf bi-Ibn Maʻtūq / |c ḍabatahu wa-waqafa ʻalá ṭabʻihi Saʻīd al-Shartūnī. |
| 246 | 3 | |a Dīwān Ibn Maʻtūq. | |
| 264 | 1 | |a Bayrūt : |b al-Maṭbaʻah al-Adabīyah, |c 1885. | |
| 300 | |a 239 pages ; |c 25 cm. | ||
| 500 | |a Cover title : Dīwān Ibn Maʻtūq. | ||
| 600 | 1 | 0 | |a Ibn Maʻtūq, Shihāb al-Dīn, |d 1616 or 1617-1676 or 1677. |
| 650 | 0 | |a Arabic poetry |x History and criticism. | |
| 700 | 1 | |a Shartūnī, Saʿīd al-Khūrī, |d 1849-1912. | |
| 880 | 1 | |6 100-01/(3/r |a ابن معتوق، شهاب الدين، |d 1616 أو 1617-1676 أو 1677. | |
| 880 | 1 | 0 | |6 245-02/(3/r |a ديوان طراز البلغاء و خاتمة الفصحاء شهاب الدين الموسوي المعروف بابن المعتوق |c ضبطه و وقف على طبعه سعيد الشرتوني |
| 901 | |a reviewed | ||
| 942 | |c BK |2 lcc | ||
